| 000 | 00685nam a22002057a 4500 | ||
|---|---|---|---|
| 005 | 20260301142602.0 | ||
| 010 | _aBACEN26 | ||
| 020 |
_a9789353509064 _c1450.00 |
||
| 037 | _bCengage Learning India | ||
| 082 |
_29 _a515 |
||
| 100 |
_aStewart, James _987938 |
||
| 245 |
_aCalculus: _bEarly Transcendentals/ _cby James Stewart, Daniel K. Clegg [and] Saleem Watson |
||
| 250 | _a9 | ||
| 260 |
_c2025 _aDelhi _bCengage Learning India |
||
| 270 |
_aT-303, 3rd Floor, DAV Complex, Plot No3, Mayur Vihar pHase 1 _bDelhi _e110091 |
||
| 300 |
_avp. _c25cm(pb) |
||
| 700 |
_aClegg, Daniel K. _987484 |
||
| 700 |
_aWatson, Saleem _987485 |
||
| 942 |
_cEN _2ddc _h515 _mSTE |
||
| 999 |
_c214974 _d214974 |
||